书目信息 |
| 题名: |
数据结构
|
|
| 作者: | 赵国玲 , 任文娟 编著 | |
| 分册: | ||
| 出版信息: | 北京 机械工业出版社 2005.01 |
|
| 页数: | 168页 | |
| 开本: | 26cm | |
| 丛书名: | ||
| 单 册: | ||
| 中图分类: | TP311.12 | |
| 科图分类: | ||
| 主题词: | 数据结构--shu ju jie gou--高等教育 | |
| 电子资源: | ||
| ISBN: | 7-111-15384-7 | |
| 000 | 00877nam0 2200241 450 | |
| 001 | 012006437832 | |
| 005 | 20060921161438.82 | |
| 010 | @a7-111-15384-7@dCNY16.00 | |
| 100 | @a20060625d2005 km y0chiy0120 ea | |
| 101 | 0 | @achi |
| 102 | @aCN@b110000 | |
| 105 | @ay z 000yy | |
| 200 | 1 | @a数据结构@Ashu ju jie gou@f赵国玲, 任文娟编著@Fzhao guo ling,ren wen juan bian zhu |
| 210 | @a北京@c机械工业出版社@d2005.01 | |
| 215 | @a168页@d26cm | |
| 300 | @a高职高专"十五"规划教材系列 | |
| 330 | @a全书共8章,讲述了数据结构在程序设计中的作用,线性表、栈、队列、数组、树和图的逻辑结构、存储结构及各种运算的实现方法,常用查找和排序算法的实现及应用等内容。 | |
| 606 | 0 | @a数据结构@Ashu ju jie gou@x高等教育 |
| 690 | @aTP311.12@v4 | |
| 701 | 0 | @a赵国玲@Azhao guo ling@4编著 |
| 701 | 0 | @a任文娟@Aren wen juan@4编著 |
| 801 | 0 | @aCN@bQSSK@c20060921 |
| 905 | @a10447@dTP311.12@eZ303 | |
| 数据结构/赵国玲, 任文娟编著.-北京:机械工业出版社,2005.01 |
| 168页;26cm |
| 高职高专"十五"规划教材系列 |
| ISBN 7-111-15384-7:CNY16.00 |
| 全书共8章,讲述了数据结构在程序设计中的作用,线性表、栈、队列、数组、树和图的逻辑结构、存储结构及各种运算的实现方法,常用查找和排序算法的实现及应用等内容。 |
| ● |
| 相关链接 |
|
|
|
正题名:数据结构
索取号:TP311.12/Z303
 
预约/预借
| 序号 | 登录号 | 条形码 | 馆藏地/架位号 | 状态 | 备注 |
| 1 | 591320 | 205913207 | 期刊室512/301自科库 69排1列5层/ [索取号:TP311.12/Z303] | 在馆 | |
| 2 | 591321 | 205913216 | 期刊室512/301自科库 69排1列5层/ [索取号:TP311.12/Z303] | 在馆 | |
| 3 | 591322 | 205913225 | 自科二线404/301自科库 69排1列5层/ [索取号:TP311.12/Z303] | 在馆 |